Оповідки Еви Луни (Запис № 17744)

000 -Маркер запису
Контрольне поле сталої довжини 01490nam a22002537a 4500
003 - Належність контрольного номера
Контрольне поле Uzh_bibl
008 - Кодовані дані
Контрольне поле сталої довжини 260513b |||||||| |||| 00| 0 ukr d
020 ## - Індекс ISBN
ISBN 978-617-7192-43-4
Ціна 75.00
040 ## - Джерело каталогіз.
Код мови каталог. укр.
041 ## - Код мови видання
Код мови оригіналу іспанська
Код мови тексту українська
080 ## - Індекс УДК
Індекс УДК 821.113.3
090 ## - Шифри
Поличний індекс 821.113.3
Авторський знак А 56
100 ## - Автор
Автор Альєнде,Ісабель
245 ## - Назва
Назва Оповідки Еви Луни
Відповідальність переклад з іспанської Сергія Борщевського
Фізичний носій Текст
260 ## - Вихідні дані
Місце видання Львів
Видавництво Видавництво Анетти Антоненко
Дата видання 2016
300 ## - Фізичний опис
Обсяг 256 с.
Тип одиниці В опр.
520 ## - Анотація
Анотація “Оповідки Еви Луни” — це двадцять три оповідки про кохання і зради, честі та безчестя, дружби й ворожнечі. Це історії різних людей, об'єднані багатою уявою, образною мовою та дотепністю відомої письменниці, якій, як і її героїні, новітній Шахразаді на ім'я Ева Луна, не загрожує немилість найвимогливішого читача.
521 ## - Примітка про цільове призначення
Примітка про цільове призначення Для широкого кола читачів
546 ## - Примітка про мову
Примітка про мову укр.
650 ## - Тематичні рубрики
Основна рубрика Літературно-художнє видання
653 ## - Ключові слова
Ключові слова Кохання
-- Зрада
-- Дружба
655 ## - Термін індексування — жанр/форма
Жанр/форма Художня література
Типове ділення Оповідання
942 ## - ADDED ENTRY ELEMENTS (KOHA)
Джерело класифікації чи схема поличного розташування
Koha item type Книги
Фонди
Статус вилучення Статус втрати/відсутності Джерело класифікації чи схема поличного розташування Статус пошкодження Тип обігу (не для випозичання) Постійне розташування Поточне розташування Розташування у відділі Дата надходження Інвентарний номер Total Checkouts Повний (примірниковий) шифр зберігання Штрих-код Date last seen Дата, для якої чинна ціна заміни Тип одиниці (рівень примірника)
          Бібліотека-філія №3 Бібліотека-філія №3 Абонемент старший відділ 13/05/2026 67818   821.113.3 4226 13/05/2026 13/05/2026 Книги

Працює на АБІС Коха